| 000 | 00385ntaaa2200157 4500 | ||
|---|---|---|---|
| 003 | 01 | ||
| 005 | 20251027201603.0 | ||
| 008 | 0714s1973 ag 01 | ||
| 040 |
_aAR-BaBN _bspa _cAR-BaBN _eaacr _dRIC |
||
| 082 | _a230.0000 P398 | ||
| 100 |
_aPendleton, J. M. _914495 |
||
| 245 | _aCompendio de Teología Cristiana | ||
| 250 |
_a1 ed. : _bs.l., _cn.f. |
||
| 650 | _aTeología | ||
| 942 | _cBK | ||
| 999 |
_c10463 _d10463 |
||